<?xml version="1.0" encoding="UTF-8"?><?xml-stylesheet type="text/xsl" href="static/style.xsl"?><OAI-PMH xmlns="http://www.openarchives.org/OAI/2.0/" xmlns:xsi="http://www.w3.org/2001/XMLSchema-instance" xsi:schemaLocation="http://www.openarchives.org/OAI/2.0/ http://www.openarchives.org/OAI/2.0/OAI-PMH.xsd"><responseDate>2026-04-17T06:43:58Z</responseDate><request verb="GetRecord" identifier="oai:www.recercat.cat:10459.1/468963" metadataPrefix="marc">https://recercat.cat/oai/request</request><GetRecord><record><header><identifier>oai:recercat.cat:10459.1/468963</identifier><datestamp>2025-11-17T19:06:09Z</datestamp><setSpec>com_2072_3622</setSpec><setSpec>col_2072_479130</setSpec></header><metadata><record xmlns="http://www.loc.gov/MARC21/slim" xmlns:dcterms="http://purl.org/dc/terms/" xmlns:xsi="http://www.w3.org/2001/XMLSchema-instance" xmlns:doc="http://www.lyncode.com/xoai" xsi:schemaLocation="http://www.loc.gov/MARC21/slim http://www.loc.gov/standards/marcxml/schema/MARC21slim.xsd">
   <leader>00925njm 22002777a 4500</leader>
   <datafield ind2=" " ind1=" " tag="042">
      <subfield code="a">dc</subfield>
   </datafield>
   <datafield ind2=" " ind1=" " tag="720">
      <subfield code="a">Odriozola Serrano, Isabel</subfield>
      <subfield code="e">author</subfield>
   </datafield>
   <datafield ind2=" " ind1=" " tag="720">
      <subfield code="a">Hernández-Jover, Teresa</subfield>
      <subfield code="e">author</subfield>
   </datafield>
   <datafield ind2=" " ind1=" " tag="720">
      <subfield code="a">Martín Belloso, Olga</subfield>
      <subfield code="e">author</subfield>
   </datafield>
   <datafield ind2=" " ind1=" " tag="260">
      <subfield code="c">2007</subfield>
   </datafield>
   <datafield ind2=" " ind1=" " tag="520">
      <subfield code="a">Vitamin C is one of the most important antioxidant supplied by fruits and vegetables. Therefore a reliable and easy method is needed for its determination. In this work, two UV-HPLC methods for the determination of ascorbic acid were validated and compared in strawberries, tomatoes and apples. In addition, two different reducing agents [dl-1,4-dithiotreitol (DTT) or 2,3-dimercapto-1-propanol (BAL)] were tried for differentiate dehydroascorbic acid and determine vitamin C. Reliability resulted satisfactory for the UV-HPLC methods in each fruit. UV-HPLC methods resulted linear up to 5 mg/100 g and the least detection and quantification limits were &lt;0.18 mg/100 g and &lt;0.61 mg/100 g, respectively. Precision, as relative standard deviation, ranged from 0.6% to 3.9% and the recovery between 93.6% and 104.4%. Although, the UV-HPLC methods resulted useful for the routine analysis of AA and vitamin C in fruits, the best reliability was achieved when using a C18 column and DTT as reducing agent. Moreover, it may be the UV-HPLC method of choice because it is the easiest and cheapest to perform.</subfield>
   </datafield>
   <datafield tag="653" ind2=" " ind1=" ">
      <subfield code="a">Ascorbic acid</subfield>
   </datafield>
   <datafield tag="653" ind2=" " ind1=" ">
      <subfield code="a">Vitamin C</subfield>
   </datafield>
   <datafield tag="653" ind2=" " ind1=" ">
      <subfield code="a">Fruits Reliability</subfield>
   </datafield>
   <datafield tag="653" ind2=" " ind1=" ">
      <subfield code="a">Comparison</subfield>
   </datafield>
   <datafield ind2="0" ind1="0" tag="245">
      <subfield code="a">Comparative evaluation of UV-HPLC methods and reducing agents to determine vitamin C in fruits</subfield>
   </datafield>
</record></metadata></record></GetRecord></OAI-PMH>